Statistics for The Edge of Glory - Lady Gaga (All Lyrics)

Click here to take the quiz!

General Stats

  • This quiz has been taken 771 times
    (53 since last reset)
  • The average score is 351 of 423

Answer Stats

Lyrics% Correct
edge.
100%
edge
100%
edge,
100%
I
100%
of
100%
on
100%
the
100%
a
98%
glory
98%
I'm
98%
you
98%
you.
98%
you,
98%
and
96%
with
88%
me
85%
to,
83%
To
83%
to
83%
moment
79%
be
77%
we
77%
no
75%
There
75%
truth.
73%
yeah
71%
baby,
69%
baby.
69%
It
69%
it
69%
love.
69%
should
69%
Tonight,
69%
tonight.
69%
tonight,
69%
hangin'
67%
reason
67%
where
67%
in
65%
can
63%
feel
63%
it's
63%
It's
63%
so
63%
alone
60%
ain't
58%
rush.
58%
that
56%
dangerous.
54%
brush
52%
your
52%
fall
50%
gonna
50%
run
50%
both
48%
got
48%
my
48%
need
48%
take
48%
know
46%
Right
46%
right
46%
man
44%
when
44%
home
42%
alright.
40%
Alright,
40%
belong
40%
But
40%
'cause
38%
dancing
38%
if
38%
I'll
38%
Put
35%
something
35%
thinks
35%
wrong.
35%
flames
31%
other
31%
side.
31%
far
29%
isn't
29%
life
29%
kiss
27%
knows
27%
name
27%
shot
27%
before
25%
call
25%
everybody
25%
final
25%
limit's
25%
shades
25%
Another
23%
hot
23%
hell
21%

Score Distribution

Percentile by Number Answered

Percent of People with Each Score

Your Score History

You have not taken this quiz since the last reset